Schaum's Outline of Theory and Problems with Basic /

Gespeichert in:
Bibliographische Detailangaben
1. Verfasser: Gottfried, Byron S.
Format: Sách giấy
Sprache:English
Veröffentlicht: Singapore : McGraw-Hill, 1986
Tags: Tag hinzufügen
Keine Tags, Fügen Sie den ersten Tag hinzu!
Thư viện lưu trữ: Thư viện Trường Đại học Đà Lạt
LEADER 00589nam a2200241 4500
001 DLU020000215
005 ##11/10/1998
020 # # |a 0-07-099114-6 
041 # # |a eng 
082 # # |a 005.133  |b GO-B 
100 # # |a Gottfried, Byron S. 
245 # # |a Schaum's Outline of Theory and Problems with Basic /  |c Gottfried Byron S. 
260 # # |a Singapore :  |b McGraw-Hill,  |c 1986 
300 # # |a 386 tr.;  |c 26 cm. 
992 # # |a 118201 
994 # # |a DLU 
900 # # |a False 
911 # # |a Administrator 
925 # # |a G 
926 # # |a A 
927 # # |a SH 
980 # # |a Thư viện Trường Đại học Đà Lạt